000 00702nam a2200229 4500
003 OSt
005 20240607012618.0
006 a
008 240607b |||||||| |||| 00| 0 eng d
020 _a9789814416320
040 _cDWCL-Main lib.
_aOC
082 _2second edition
_aCirc. 624.44 W931s 2012
100 _aWorrell William A.
245 _aSolid waste engineering /
250 _asecond edition
260 _aSingapore :
_bCengage Learning Asia,
_cc2012.
300 _axxii,
_b401 pages : illustrations ;
_c23 cm.
504 _aIncludes appendix.
650 _a1. Refuse and refuse disposal–Textbooks
700 _aWilliam A. Worrell
942 _2ddc
_n0
_cBK-CIRC
_esecond edition
_kCirc.
999 _c328
_d328